Responsabilidad del Estado por la dilación indebida de los procedimientos administrativos / (Registro nro. 6153)
[ vista simple ]
| 000 -LEADER | |
|---|---|
| fixed length control field | 01653nabaa22002177a 4500 |
| 003 - CONTROL NUMBER IDENTIFIER | |
| control field | OSt |
| 005 - DATE AND TIME OF LATEST TRANSACTION | |
| control field | 20260123194243.0 |
| 008 - FIXED-LENGTH DATA ELEMENTS--GENERAL INFORMATION | |
| fixed length control field | 190701b xxu||||| |||| 00| 0 spa d |
| 040 ## - CATALOGING SOURCE | |
| Transcribing agency | PJ |
| 100 ## - MAIN ENTRY--PERSONAL NAME | |
| 9 (RLIN) | 3697 |
| Personal name | Massimino, Leonardo |
| 245 10 - TITLE STATEMENT | |
| Title | Responsabilidad del Estado por la dilación indebida de los procedimientos administrativos / |
| Statement of responsibility, etc | Leonardo Massimino. |
| 300 ## - PHYSICAL DESCRIPTION | |
| Extent | p. 64-77 |
| 500 ## - GENERAL NOTE | |
| General note | Cita: TR LALEY AR/DOC/3180/2023 |
| 505 ## - FORMATTED CONTENTS NOTE | |
| Formatted contents note | Sumario: I. Planteo.— II. Los casos de aplicación. Ejemplos.— III. El derecho a una buena administración. Una administración eficiente.— IV. Los antecedentes en la actividad judicial. Caso "Poggio".— V. La responsabilidad por dilación de la actividad administrativa. Replanteo.— VI. Los presupuestos básicos de la atribución de responsabilidad del Estado por demora indebida en la actuación administrativa.— VII. La responsabilidad de los funcionarios y empleados por daños que por sus hechos, actos u omisiones generen a la hacienda pública.— VIII. El funcionamiento anormal del servicio. La falta personal de los funcionarios.— IX. El daño resarcible.— X. Los diferentes perjuicios y costos derivados de la dilación de los procedimientos administrativos.— XI. A modo de conclusión. |
| 505 ## - FORMATTED CONTENTS NOTE | |
| Title | ¿Te interesa el texto completo? Comunicate al correo: koha@justierradelfuego.gov.ar |
| 650 #0 - SUBJECT ADDED ENTRY--TOPICAL TERM | |
| 9 (RLIN) | 211 |
| Topical term or geographic name as entry element | DERECHO ADMINISTRATIVO |
| 650 #0 - SUBJECT ADDED ENTRY--TOPICAL TERM | |
| 9 (RLIN) | 1215 |
| Topical term or geographic name as entry element | RESPONSABILIDAD DEL ESTADO |
| 650 #0 - SUBJECT ADDED ENTRY--TOPICAL TERM | |
| 9 (RLIN) | 1135 |
| Topical term or geographic name as entry element | PROCEDIMIENTO ADMINISTRATIVO |
| 773 0# - HOST ITEM ENTRY | |
| Host Biblionumber | 2842 |
| Host Itemnumber | 3251 |
| Place, publisher, and date of publication | Buenos Aires : AbeledoPerrot, 2012- |
| Other item identifier | DA121 |
| Title | Derecho administrativo. Nº 151 enero/febrero 2024 |
| International Standard Book Number | 18510590 |
| 942 ## - ADDED ENTRY ELEMENTS (KOHA) | |
| Source of classification or shelving scheme | |
| Koha item type | Analítica Artículo de Revista |
No hay ítems disponibles.
